Statistics for Guess KPOP group by their leader

Click here to take the quiz!

General Stats

  • This quiz has been taken 314 times
  • The average score is 14 of 19

Answer Stats

HintAnswer% Correct
RMBTS
99%
IreneRed Velvet
95%
Bang ChanStray Kids
95%
YejiITZY
94%
SoobinTXT
94%
G-DragonBigbang
93%
S.CoupsSeventeen
92%
SuhoEXO
88%
JBGOT7
82%
TaeyeonSNSD
82%
HongjoongAteez
78%
OnewSHINee
76%
ShownuMonsta X
72%
LeeteukSuper Junior
64%
JinJinASTRO
59%
HuiPentagon
52%
SowonGFriend
48%
SeungyeonCLC
37%
YeeunWonder Girls
15%

Score Distribution

Percentile by Number Answered

Percent of People with Each Score

Your Score History

You have not taken this quiz